My Favourite Movies - Statistics

General Stats
  • This quiz has been taken 26 times
  • The average score is 9 of 20
Answer Stats
Picture Answer % Correct
Bill And Ted's Excellent Adventure
100%
It's A Wonderful Life
100%
Cabaret
93%
The Exorcist
86%
The Third Man
86%
Oliver
79%
All About Eve
71%
Carry On Cleo
50%
Carry On Screaming
50%
The Music Man
29%
Carousel
21%
Chitty Chitty Bang Bang
21%
Judgement At Nuremberg
21%
L'il Abner
14%
The Haunting
14%
Damn Yankees
7%
Hush Hush Sweet Charlotte
7%
It's A Mad Mad Mad Mad World
7%
Night Of The Demon
7%
The Bothersome Man
7%
No matching quizzes found
Score Distribution
Percent of People with Each Score
Percentile by Number Answered
Your Score History
You have not taken this quiz